000
00367nam a22001217a 4500
040
_c
SY
082
_a
379
100
_a
សួន សេង
245
_a
Studyf on watermelon production in prey veng province, ការសិក្សាដំណាំឪឡឹកខេត្តព្រៃវែង
260
_a
RUA
_b
សួន
_c
1998
300
_a
31p.
942
_c
KB
999
_c
9554
_d
9554